000 00755nam a22002537a 4500
001 34449
003 UA-OsUOA
005 20230913152540.0
007 ta
008 20051005b un ||||| |||| 00| 0 ukr d
020 _a5244009354
040 _aUA-OsUOA
_brus
_cUA-OsUOA
_dUA-OsUOA
041 _arus
080 _a340.12(091)
090 _a340.12(091)
_bА72
245 _aАнтология мировой мысли
260 _aМ.
_bМысль
_c1999
300 _a829 с.
505 _gТ. 3
650 7 _a340 Право в цілому. Пропедевтика. Методи та допоміжні правничі науки
_2UDC
942 _cBK
_2udc
955 _a1
999 _c320879
_d320879